000 01783cam a2200325 a 4500
001 15964168
003 OSt
005 20150408113918.0
008 091028s2009 enkaf b 001 0 eng
010 _a 2009045191
020 _a9780230227149 (alk. paper)
020 _a0230227147 (alk. paper)
035 _a(OCoLC)ocn318873085
040 _aDLC
_cDLC
_dYDX
_dIUL
_dCDX
_dDLC
050 0 0 _aPN1009.A1
_bC51385 2009
082 0 0 _a809.89282
_222
_bCHI
245 0 0 _aChildren's literature :
_bclassic texts and contemporary trends /
_cedited by Heather Montgomery and Nicola J. Watson.
260 _aHoundmills ;
_aNew York :
_bPalgrave Macmillan ;
_aMilton Keynes :
_bIn association with the Open University,
_c2009.
300 _axv, 408 p., [16] p. of plates :
_bill. (some col.) ;
_c24 cm.
500 _a"This Reader, along with the companion volume Children's Literature: Approaches and Territories, form part of the Open University course Children's Literature (EA300). This is a level 3 undergraduate course and forms part of the Open University BA Humanities, the BA Literature (and BA Humanities with Literature), BA English Language and Literature, and the BA Childhood and Youth Studies."
504 _aIncludes bibliographical references and index.
650 0 _aChildren's literature
_xHistory and criticism.
_94006
650 0 _aYoung adult literature
_xHistory and criticism.
_94007
650 0 _aChildren
_xBooks and reading.
_94008
700 1 _aMontgomery, Heather
_q(Heather Kate)
_94238
700 1 _aWatson, Nicola J.,
_d1958-
_94010
906 _a7
_bcbc
_corignew
_d1
_eecip
_f20
_gy-gencatlg
942 _2ddc
_cDVD
999 _c14329
_d248829